000 01106nam a22003257a 4500
001 0014059
003 KOHA_MİRAKIL
005 20260207001941.0
007 ta
008 100224b2007 tu |||grt|||#0|||0|tur |
020 _a9789757998335
_c0,01
040 _aTR-BiSEU
_btur
_cTR-BiSEU
_erda
041 0 _atur
044 _ctu
050 _aHD29
_b.A12 2007
111 2 _a15. Ulusal Yönetim ve Organizasyon Kongresi (15. : 25-27 Mayıs : Sakarya)
_932915
245 1 _a15. Ulusal Yönetim ve Organizasyon Kongresi bildiriler kitabı/
_ceditör Gültekin Yıldız, Mehmet Barca...[ve bşk.].
264 1 _aSakarya :
_bSakarya Üniversitesi İktisadi ve İdari Bilimler Fakültesi
_c2007
300 _axxv,976 sayfa: resimli, tablo
336 _ametin
_btxt
_2rdacontent
337 _aaracısız
_bn
_2rdamedia
338 _acilt
_bnc
_2rdacarrier
500 _aKaynakça var.
650 0 _aOrganization--Congresses.
_932302
650 0 _aManagement--Congresses.
_915612
650 0 _aYönetim--Kongreler.
_915613
650 0 _aÖrgüt--Kongreler.
_932303
907 _aBildiri
942 _2lcc
_cBK
999 _c14022
_d14022